000 00609nam a2200253Ia 4500
005 20260121153846.0
008 008 260114s9999 xx 000 0 eng d
020 _a9780203759592
037 _aEBOOK
040 _aCRL
040 _beng
040 _cCRL
041 _2eng
041 _aeng
084 _qCRL
100 _aAnat Rafaeli; Michael G. Pratt
_91000013
245 0 _aArtifacts and Organizations
260 _bTaylor and Francis
260 _c2006
856 _uhttp://www.taylorfrancis.com/books/9780203759592
942 _cEBOOK
999 _c1566834
_d1566834